000 00336nam a2200145Ia 4500
008 150201s2006 xx 000 0 und d
082 _a618.92
_bN06S
100 _aSONS, S.T.
245 _aNEONATAL DRUG FORMULARY
250 _a1ST
260 _bJAYPEE BROTHERS
_aDELHI
_c2006
300 _a1-99
650 _aPAEDIATRICS
942 _2ddc
_cBK
999 _c55
_d55